Modern macroeconomics (Registro nro. 3296)

Detalles MARC
000 -LEADER
fixed length control field 01840 a2200229 4500
001 - CONTROL NUMBER
control field 40730
005 - DATE AND TIME OF LATEST TRANSACTION
control field 20260407155702.0
008 - FIXED-LENGTH DATA ELEMENTS--GENERAL INFORMATION
fixed length control field 260407a2015 arg spa d
003 - CONTROL NUMBER IDENTIFIER
control field AR-UNSa-BCEJYS
040 ## - CATALOGING SOURCE
Original cataloging agency AR-UNSa-BCEJYS
Language of cataloging spa
Transcribing agency AR-UNSa-BCEJYS
080 ## - UNIVERSAL DECIMAL CLASSIFICATION NUMBER
Universal Decimal Classification number 330.101.541
Common auxiliary subdivision Macroeconomía
020 ## - INTERNATIONAL STANDARD BOOK NUMBER
International Standard Book Number 978-0-262-02937-7
041 ## - LANGUAGE CODE
Language code of text/sound track or separate title spa
100 1# - MAIN ENTRY--PERSONAL NAME
Personal name Chug, Sanjay K.
245 10 - TITLE STATEMENT
Title Modern macroeconomics
264 #1 - PRODUCTION, PUBLICATION, DISTRIBUTION, MANUFACTURE, AND COPYRIGHT NOTICE
Place of production, publication, distribution, manufacture Cambridge :
Name of producer, publisher, distributor, manufacturer The MIT Press
Date of production, publication, distribution, manufacture, or copyright notice 2015
300 ## - PHYSICAL DESCRIPTION
Extent xv, 531 p.
Dimensions 23 cm.
505 ## - FORMATTED CONTENTS NOTE
Formatted contents note 1. Microeconomics of consumer theory - 2. Static consumption-labor framework - 3. Dynamic consumption-savings framework - 4. Inflation and interest rates in the consumption-savings framework - 5. Dynamic consumption-labor framework - 6. Firms - 7. Intertemporal fiscal policy - 8. Infinite-period framework and introduction to asset pricing - 9. Shocks - 10. History of macroeconomics - 11. Supply-side economics - 12. The Phillips curve - 13. New Keynesian economics - 14. Real business cycle theory - 15. Monetary policy in the intertemporal framework - 16. Monetary-fiscal interactions - 17. Optimal monetary policy - 18. Economic efficiency - 19. Optimal fiscal policy - 20. Optimal fiscal and monetary policy - 21. Financial accelerator and role of regulatory policy - 22. Monopolistic competition : the Dixit-Stiglitz framework - 23. A new Keynesian view of sticky prices : the Rotemberg framework - 24. Optimal monetary policy with sticky prices - 25. Solow growth framework - 26. Neoclassical growth - 27. Search, unemployment, and vacancies - 28. Matching equilibrium - 29. Long-lasting jobs - 30. Open-economy trade - 31. Fiscal theory of exchange rates
590 ## - LOCAL NOTE (RLIN)
Local note niveau_biblio:m niveau_hierar:0
856 41 - ELECTRONIC LOCATION AND ACCESS
Uniform Resource Identifier <a href="https://biblioeco.unsa.edu.ar/pmb/images/libros/L126244.jpg">https://biblioeco.unsa.edu.ar/pmb/images/libros/L126244.jpg</a>
Link text Imagen de portada
Electronic format type image/jpeg
942 ## - ADDED ENTRY ELEMENTS (KOHA)
Koha item type
Existencias
Withdrawn status Lost status Damaged status Not for loan Home library Current library Shelving location Date acquired Total checkouts Full call number Barcode Date last seen Price effective from Koha item type
        Biblioteca Prof. Eusebio Cleto del Rey Biblioteca Prof. Eusebio Cleto del Rey   07/04/2026   330.101.541 C559 L126244 07/04/2026 07/04/2026 Libro